Statistics for USA states in order of population

Click here to take the quiz!

General Stats

  • This quiz has been taken 11 times
  • The average score is 30 of 50

Answer Stats

NoAnswer% Correct
1California
100%
6Illinois
100%
8Georgia
100%
7Ohio
100%
2Texas
100%
5Pennsylvania
100%
3Florida
100%
4New York
100%
14Arizona
80%
18Missouri
80%
17Indiana
80%
16Tennessee
80%
12Virginia
80%
13Washington
80%
10Michigan
80%
9North Carolina
80%
25Louisiana
60%
48Alaska
60%
46South Dakota
60%
44Montana
60%
28Oklahoma
60%
27Oregon
60%
47North Dakota
60%
26Kentucky
60%
24Alabama
60%
23South Carolina
60%
11New Jersey
60%
50Wyoming
60%
21Colorado
60%
29Connecticut
40%
41New Hampshire
40%
49Vermont
40%
22Minnesota
40%
15Massachusetts
40%
19Maryland
40%
45Delaware
40%
20Wisconsin
40%
43Rhode Island
40%
42Maine
40%
40Hawaii
40%
30Iowa
40%
39Idaho
40%
37Nebraska
40%
36New Mexico
40%
35Kansas
40%
34Nevada
40%
33Arkansas
40%
32Mississippi
40%
31Utah
40%
38West Virginia
20%

Score Distribution

Percentile by Number Answered

Percent of People with Each Score

Your Score History

You have not taken this quiz